000 00618cam a22002053a 4500
001 43950
003 PGUSA
005 20140828084012.0
008 131014s2013||||xxu|||||s|||||000 | eng d
040 _aPGUSA
_beng
042 _adc
100 1 _aMitjana, Rafael
245 1 0 _aCincuenta y cuatro Canciones EspaƱolas del siglo XVI :
_bCancionero de Uppsala
_h[electronic resource] /
_cRafael Mitjana
260 _bProject Gutenberg,
_c2013
506 _aPublic domain in the USA.
516 _aElectronic text
830 0 _aProject Gutenberg
_v43950
856 4 0 _uhttp://www.gutenberg.org/ebooks/43950
942 _cEB
999 _c273201
_d273201